La philosophie scolastique / (Record no. 156631)

MARC details
000 -LEADER
campo de control de longitud fija 00810nam a22002055i 4500
001 - NÚMERO DE CONTROL
campo de control 156631
003 - IDENTIFICADOR DE NÚMERO DE CONTROL
campo de control ES-MaACL
005 - FECHA Y HORA DE LA ÚLTIMA TRANSACCIÓN
campo de control 20230906210448.0
008 - DATOS DE LONGITUD FIJA--INFORMACIÓN GENERAL
campo de control de longitud fija 040803m18681870fr |||| | fre d
040 ## - FUENTE DE CATALOGACIÓN
Centro catalogador/agencia de origen CAM
Lengua de catalogación spa
Centro/agencia transcriptor CAM
080 ## - NÚMERO DE LA CLASIFICACIÓN DECIMAL UNIVERSAL
Número de la Clasificación Decimal Universal 141.31
100 1# - ENTRADA PRINCIPAL--NOMBRE DE PERSONA
Nombre de persona Kleutgen, Joseph
Títulos y otros términos asociados al nombre (S.I.)
9 (RLIN) 128465
245 13 - MENCIÓN DEL TÍTULO
Título La philosophie scolastique /
Mención de responsabilidad, etc. exposée et défendue par le R.P. Kleutgen... ; traduite... par le R.P. Constant Sierp.
260 ## - PUBLICACIÓN, DISTRIBUCIÓN, ETC.
Lugar de publicación, distribución, etc. Paris :
Nombre del editor, distribuidor, etc. Gaume Frères et J. Duprey, éditeurs,
Fecha de publicación, distribución, etc. 1868 (
Fabricante Typ. de Ad. Lainé et J. Havard)
300 ## - DESCRIPCIÓN FÍSICA
Extensión 4 v. ;
Dimensiones 21 cm.
597 ## - NOTA DE DESCRIPCIÓN FÍSICA
NOTA DE DESCRIPCIÓN FÍSICA T. I. 1868 (XVI, 560 p.) -- T. II. 1869 (549, [2] p.) -- T. III. 1869 (579 p.) -- T. IV. 1870 (596 p.)
650 #4 - PUNTO DE ACCESO ADICIONAL DE MATERIA--TÉRMINO DE MATERIA
Término de materia o nombre geográfico como elemento de entrada Escolasticismo.
9 (RLIN) 136013
700 1# - ENTRADA AGREGADA--NOMBRE PERSONAL
Nombre de persona Sierp, Constant.
9 (RLIN) 132719
852 4# - LOCALIZACIÓN
Ubicación ES-MaACL
Número de control de estantería G-947-950
Nota libre -- Enc. hol.
Holdings
Estatus retirado Estado de pérdida Estado de daño No para préstamo Colección Biblioteca de origen Biblioteca actual Ubicación en estantería Fecha de adquisición Fuente de adquisición Total de préstamos Signatura topográfica completa Código de barras Visto por última vez Precio de reemplazo Tipo de ítem Koha
        Libros del s. XIX Biblioteca del Ateneo de Madrid Biblioteca del Ateneo de Madrid Depósito 2 17/01/2008     G-947-950 1163874 23/02/2023 23/02/2023 Libro impreso antiguo